| 000 | 00478nam a22001697a 4500 | ||
|---|---|---|---|
| 999 |
_c27377 _d27377 |
||
| 003 | BDDh-ASL | ||
| 005 | 20231015030747.0 | ||
| 008 | 211102n ii ||||| |||| 00| 0 u d | ||
| 040 |
_aBDDh-ASL _cBDDh-ASL |
||
| 082 |
_a909.07 _bMOH |
||
| 245 | 1 | 0 | _aMoharibat-e Salibi : / محاربات صليبی |
| 260 |
_aLucknow : _bAn Nazir Press , |
||
| 300 |
_a179 p. : _c24 cm. |
||
| 650 | 0 |
_95478 _aCrusades _xHistory |
|
| 700 | 1 |
_95592 _aKhan, Mashuk Hussain |
|
| 942 |
_2ddc _cBK |
||